000 00406nam a2200157Ia 4500
008 210716s2017 xx 000 0 und d
020 _a9780670090075
041 _aeng
082 _a332.46 KUMA
100 _aKumar, Arun.
245 _aDemonetization and the black economy.
250 _a1
260 _aNew Delhi
_bThomson Press India Ltd
_c2017
300 _axxxix,300
650 _aGeneral Knowledge
999 _c210443
_d210443